| 000 | 00545nam a2200181Ia 4500 | ||
|---|---|---|---|
| 999 |
_c3570 _d3570 |
||
| 003 | OSt | ||
| 005 | 20200818114944.0 | ||
| 008 | 190216s9999||||xx |||||||||||||| ||und|| | ||
| 020 | _a9788131712856 | ||
| 040 | _coclc | ||
| 082 |
_a541.28 _bENG/Q |
||
| 100 |
_aEngel, Thomas _94186 |
||
| 245 | 0 |
_aQuantum Chemistry And Spectroscopy / _cThomas Engel ; Philip Reid |
|
| 260 |
_bPearson Education Asia, _c2013. _aNew Delhi: |
||
| 300 | _a507p | ||
| 650 | _aQuantum Chemistry | ||
| 942 |
_cBK _2ddc _h541.28 _iENG/Q _k541.28 _mENG/Q |
||